The pocket remembrancer (Record no. 113482)
[ view plain ]
| 000 -LEADER | |
|---|---|
| fixed length control field | 01454cam a22001695a 4500 |
| 001 - CONTROL NUMBER | |
| control field | L155334 |
| 008 - FIXED-LENGTH DATA ELEMENTS--GENERAL INFORMATION | |
| fixed length control field | 120319s1750 xxk f 000 0 eng d |
| 035 ## - SYSTEM CONTROL NUMBER | |
| System control number | (Sirsi) u155334 |
| 041 0# - LANGUAGE CODE | |
| Language code of text/sound track or separate title | eng |
| 245 04 - TITLE STATEMENT | |
| Title | The pocket remembrancer |
| Remainder of title | or, a Concice History of the City of London. Containing among other Things, I. Its Name and Antiquity, Situation, Magnitude, Number of Inhabitants, the River of Thames and the Trade thereof. II. Of the Ecclesiastical Government, to which is added a particular Account of each Vicar and Rector's Yearly Income in each Parish, and in whose Gift the Living is (very useful for all Clergymen) III. The Lord Mayor of the City's Election, and his Authority, with an Account of the Aldermen, Sheriffs, and Common-Council Men. IV. Of the Publick Offices, with a List of the Commissioners thereof. V. Of the Tower of London, a particular Account thereof. VI. Of the Custom-House. Vii. An Account of Guildhall, with the Business done there Viii. Of the Publck Schools and Colleges. IX. List of the Governors of the Charter-House, Modern-College on Black-Heath, Christ's Hospital, St. Bartholomew's, and Emanuel-College, &c. |
| 260 ## - PUBLICATION, DISTRIBUTION, ETC. | |
| Place of publication, distribution, etc. | London |
| Name of publisher, distributor, etc. | printed and sold by J. Roberts in Warwick-Lane, and by most Booksellers in London and Westminster |
| Date of publication, distribution, etc. | [1750?] |
| 300 ## - PHYSICAL DESCRIPTION | |
| Extent | 235, [1] p. |
| Dimensions | 24o |
| 583 ## - ACTION NOTE | |
| Action | Condition reviewed |
| Time/date of action | 20120620 |
| Status | condition level 1 |
| 651 #4 - SUBJECT ADDED ENTRY--GEOGRAPHIC NAME | |
| Geographic name | Great Britain |
| Chronological subdivision | 1707- |
| 690 ## - LOCAL SUBJECT ADDED ENTRY--TOPICAL TERM (OCLC, RLIN) | |
| Topical term or geographic name as entry element | Measurement |
| 9 (RLIN) | 6256 |
| 942 ## - ADDED ENTRY ELEMENTS (KOHA) | |
| Suppress in OPAC | 0 |
| Withdrawn status | Lost status | Source of classification or shelving scheme | Damaged status | Not for loan | Home library | Current library | Shelving location | Date acquired | Total Checkouts | Full call number | Barcode | Date last seen | Copy number | Price effective from | Koha item type |
|---|---|---|---|---|---|---|---|---|---|---|---|---|---|---|---|
| Dewey Decimal Classification | Historic collection | Historic collection | Historic collection | 19/03/2012 | OCTAVO 1750 POCKET | 30075859 | 06/08/2019 | 1 | 06/08/2019 | Book |